000 00953cam a2200277 4500
001 ABS@61468
008 040108n2003 000 0 eng u
035 _a(Sirsi) u124757
100 _aThomas, H.
245 _aSpecial report: SWERDA
260 _c2003
490 _aProperty Week
_v68(48) 5 December 2003, 83-88(5)
520 _aExamines the economic development of the area covered by South West of England Regional Development Agency (SWERDA). Gives a brief profile of SWERDA since it was set up in 1999. Reports on the key developments in the dominate seven areas of the southwest.
590 _aABS
590 _aABS
650 _aBRISTOL
650 _aBATH
650 _aSOMERSET
650 _aGLOUCESTER
650 _aSOUTHWEST ENGLAND
650 _aREGIONAL DEVELOPMENT AGENCIES
650 _aSOUTH WEST OF ENGLAND REGIONAL DEVELOPMENT AGENCY
650 _aECONOMIC DEVELOPMENT
690 _aDEVELOPMENT
942 _n0
999 _c116923
_d116923